| 000 | 00308nam a2200109 4500 | ||
|---|---|---|---|
| 008 | 180214b xxu||||| |||| 00| 0 eng d | ||
| 245 | _aCatching up in ASEAN agriculture (part II). | ||
| 260 |
_aPhilippines: _bManila Bulletin, _cc2016. |
||
| 300 | _apage B-2. | ||
| 650 | 0 |
_926482 _aAgriculture. |
|
| 942 |
_2ddc _cPER |
||
| 999 |
_c8636 _d8636 |
||